Statistiques concernant Quel est ce Pokémon ? par image #12

Cliquez ici pour prendre le quiz!

Statistiques générales

  • Ce quiz a été pris 41 fois
  • Le résultat moyen est 11 sur 16

Statistiques - réponses

Réponse% Correct
Wailmer
94%
Xerneas
94%
Malosse
91%
Porygon 2
91%
Tyranocif
86%
Ceribou
83%
Groret
74%
Octillery
74%
Tournegrin
66%
Anorith
60%
Meltan
54%
Fort-Ivoire
51%
Excavarenne
43%
Feuiloutan
43%
Lestombaile
40%
Baojian
29%

Distribution des résultats

Percentile par nombre de réponses

% des personnes avec chaque résultat

Votre développement - résultats

Vous n’avez pas pris ce quiz